000 00494nam a22001817a 4500
003 CEME
005 20210628203729.0
008 210317b xxu||||| |||| 00| 0 eng d
020 _a0-8031-0493-6
040 _c.
082 _a620.11296 THE'P
100 _aMatthews, Powell
_967057
245 _aThermal insulation, materials and systems
260 _aUSA
_bASTM
_c1987
300 _a755P
650 _aINSULTING MATERIALS CONGRESSES INSULATION (HEAT) CONGRESSES
_967058
942 _cBK
_2ddc
999 _c574911
_d574911